000 00530nam a22001697a 4500
003 PILC
005 20150112093447.0
008 131016t xxu||||| |||| 00| 0 eng d
020 _a9780137129911
050 _aHF 5549.12
_b.R632 2009
100 _aRobbins, Stephen P.
_915757
245 _aTraining in interpersonal skills :
_bTips for managing people /
_cStephen P. Robbins and Philip L. Hunsaker
250 _a5th ed.
260 _aCanada ;
_bPearson Prentice Hall.
_xyz2009.
300 _a400 pages :
_c27 cm.
942 _2lcc
_cBK
999 _c14974
_d14974